| 000 | 02223cam a2200337 a 4500 | ||
|---|---|---|---|
| 999 |
_c127204 _d127204 |
||
| 001 | 1053768 | ||
| 003 | ARRUPE | ||
| 005 | 20171109095755.0 | ||
| 008 | 900328s1991 nyu b 000 0 eng | ||
| 010 | _a 90035405 | ||
| 020 |
_a1557783098 : _c$13.95 |
||
| 040 |
_aDLC _cDLC _dDLC |
||
| 043 |
_af------ _afb----- |
||
| 050 | 0 | 0 | _aB-102-1 |
| 082 | 0 | 0 |
_a199/.6 _220 |
| 245 | 0 | 0 |
_aAfrican philosophy : _bthe essential readings / _cTsenay Serequeberhan [editor]. |
| 250 | _a1st ed. | ||
| 260 |
_aNew York, N.Y. : _bParagon House, _c1991. |
||
| 300 |
_axxii, 250 p. ; _c23 cm. |
||
| 440 | 0 |
_aParagon issues in philosophy _924039 |
|
| 504 | _aIncludes bibliographical references (p. [247]-250). | ||
| 590 | _aContents:-African philosophy : the point in question / Tsenay Serequeberhan -- Is there an African philosophy? / Innocent Onyewuenyi -- Sagacity in African philosophy / Henry O. Oruka -- The question of African philosophy / Peter O. Bodunrin -- On defining African philosophy / Kwasi Wiredu -- African philosophy : myth and reality / Paulin J. Hountondji -- Contemporary African philosophy : the search for a method / Lanzana Keita -- Africa and the imperative of philosophy / Oyenka Owomoyela -- Conditions for the affirmation of a modern African philosophical thought / Marcien Towa, translated from the French original for this collection by Aster Gashaw -- Tradition and destiny : horizons of an African philosophical hermeneutics / Okonda Okolo, translated from the French original for this collection by Kango Lare-Lantone -- Philosophy in Africa : challenges of the African philosopher / F. Wamba-Dia-Wamba. | ||
| 650 | 0 |
_aPhilosophy, African. _937472 |
|
| 650 | 0 |
_aPhilosophy _zAfrica, Sub-Saharan. _937473 |
|
| 700 | 1 |
_aSerequeberhan, Tsenay, _d1952- _937459 |
|
| 856 | 4 | 2 |
_3Contributor biographical information _uhttp://www.loc.gov/catdir/enhancements/fy1213/90035405-b.html |
| 906 |
_a7 _bcbc _corignew _d1 _eocip _f19 _gy-gencatlg |
||
| 942 |
_2lcc _cMONOGRAPH |
||